| 000 | 00956nam a2200229Ia 4500 | ||
|---|---|---|---|
| 999 |
_c36410 _d36410 |
||
| 001 | 2324 | ||
| 003 | GE_BSU | ||
| 005 | 20190531203432.0 | ||
| 008 | 181216s2004||||ge |||||||||||||| ||geo|| | ||
| 040 | _cGE_BSU | ||
| 041 | _ageo | ||
| 080 | _a27-145.55+811.353.1+2-264(4479.22) | ||
| 100 |
_aხანიაშვილი, ნაზი _91938 |
||
| 245 |
_a "შესხმაი ქართველთაი და ქართველთა ენისაი" იოვანე-ზოსიმე : _bგამოკვლევა |
||
| 264 |
_aთბილისი, _c2004. |
||
| 300 |
_a743 გვ.; _b20 სმ. |
||
| 490 | _aშეიცანი თავი შენი და შეიცნობ სამყაროს | ||
| 653 | _a წინასწარმეტყველებანი | ||
| 653 | _aქართული მითოლოგია | ||
| 653 | _a ქართული ენა | ||
| 942 |
_cBK _2udc |
||